LEGO Ninjago Season 5: Possession Minifigures - Statistics

General Stats
  • This quiz has been taken 36 times
  • The average score is 14 of 16
Answer Stats
Picture Answer % Correct
Cole
100%
Jay
100%
Kai
100%
Lloyd
100%
Nya
100%
Wu
100%
Zane
100%
Misako
97%
Morro
94%
Ronin
94%
Postman
91%
Dareth
88%
Bansha
72%
Ghoultar
66%
Soul Archer
53%
Wrayth
47%
No matching quizzes found
Score Distribution
Percent of People with Each Score
Percentile by Number Answered
Your Score History
You have not taken this quiz